[Event "Mondiale Semilampo FIDE 2024"]
[Site "New York"]
[Date "26.12.2024"]
[Round "5.57"]
[White "Xiong, Jeffery"]
[Black "Le, Tuan Minh"]
[Result "1/2-1/2"]
[WhiteTitle "GM"]
[BlackTitle "GM"]
[WhiteElo "2636"]
[BlackElo "2598"]
[WhiteFideId "2047640"]
[BlackFideId "12401153"]
[EventDate "26.12.2024"]

1. c4 e6 2. Nf3 d5 3. d4 h6 4. e3 Nf6 5. b3 c5 6. dxc5 Bxc5 7. a3 O-O 8. Bb2 b6
9. Nbd2 Bb7 10. Be2 Nbd7 11. O-O a5 12. Qb1 Qe7 13. cxd5 Bxd5 14. Nd4 Rac8 15.
Bf3 Bxd4 16. Bxd4 e5 17. Bb2 Bxf3 18. Nxf3 Qe6 19. Rd1 Rfe8 20. b4 axb4 21. axb4
Rc4 22. Qa2 Rxb4 23. Qxe6 Rxe6 24. Ra8+ Kh7 25. Ba3 Rb3 26. g4 Nc5 27. h3 Nd3
28. Nd2 Rb5 29. Nc4 Rd5 30. Rb8 Nd7 31. Rb7 e4 32. Rb1 Rf6 33. Rf1 b5 34. Nd2 b4
35. Nxe4 Re6 36. Rxb4 Nxb4 37. Nc3 Rc5 38. Bxb4 Rc4 39. Nd5 Ne5 40. Rd1 Nc6 41.
Ba3 Ra4 42. Rd3 Ne5 43. Rc3 Nc4 44. Bb4 Ne5 45. Ra3 Rxa3 46. Bxa3 Ra6 47. Bb2
Nd3 48. Bd4 Ra2 49. f3 Ne1 50. f4 Nf3+ 51. Kf1 Nh2+ 52. Kg1 Nf3+ 53. Kf1 Rd2 54.
Nc3 Nxd4 55. exd4 Rxd4 56. Ne2 Rd3 57. Kg2 g6 58. h4 Kg7 59. Ng3 Rd2+ 60. Kf3
Ra2 61. h5 Ra5 62. Ke4 Kf6 63. Kf3 Ra3+ 64. Kf2 gxh5 65. Nxh5+ Ke6 66. Ng7+ Kf6
67. Nh5+ Ke6 68. Ng7+ Kd5 69. Nf5 Ke4 70. Nxh6 Rf3+ 71. Kg2 Rxf4 72. Kg3 Rf3+
73. Kh4 f6 74. g5 Rf4+ 75. Kh5 fxg5 76. Kxg5 Rf1 77. Kg6 Ke5 78. Nf7+ Ke6 79.
Ng5+ Ke7 80. Ne4 Rf4 81. Ng5 1/2-1/2

[Event "Mondiale Semilampo FIDE 2024"]
[Site "New York"]
[Date "26.12.2024"]
[Round "5.58"]
[White "Lou, Yiping"]
[Black "Oparin, Grigoriy"]
[Result "0-1"]
[WhiteTitle "IM"]
[BlackTitle "GM"]
[WhiteElo "2459"]
[BlackElo "2653"]
[WhiteFideId "8603928"]
[BlackFideId "24125890"]
[EventDate "26.12.2024"]

1. e4 c5 2. Nf3 e6 3. d4 cxd4 4. Nxd4 Nc6 5. Nc3 Bc5 6. Nb3 Bb4 7. Bd2 Nf6 8.
Qe2 O-O 9. O-O-O a5 10. Kb1 a4 11. Nc1 a3 12. b3 d5 13. e5 Nd7 14. f4 b6 15. Qh5
Ba6 16. Nb5 Bxd2 17. Rxd2 Nc5 18. Nd6 Bxf1 19. Rxf1 f6 20. Rf3 fxe5 21. fxe5 g6
22. Rxf8+ Qxf8 23. Qg5 Qg7 24. Re2 Rf8 25. c3 Rf1 26. Kc2 h6 27. Qg3 g5 28. Rf2
Rxf2+ 29. Qxf2 Nxe5 30. b4 Qg6+ 31. Kd1 Na4 32. Qd4 Nb2+ 33. Ke1 Nec4 34. Kf2
Nxd6 0-1

[Event "Mondiale Semilampo FIDE 2024"]
[Site "New York"]
[Date "26.12.2024"]
[Round "5.59"]
[White "Salem, A.R. Saleh"]
[Black "Christiansen, Johan-Sebastian"]
[Result "1/2-1/2"]
[WhiteTitle "GM"]
[BlackTitle "GM"]
[WhiteElo "2622"]
[BlackElo "2661"]
[WhiteFideId "9301348"]
[BlackFideId "1512668"]
[EventDate "26.12.2024"]

1. Nf3 c5 2. e4 Nf6 3. Nc3 d5 4. e5 Nfd7 5. e6 fxe6 6. d4 Nc6 7. Bb5 g6 8. dxc5
Bg7 9. Be3 O-O 10. O-O Nce5 11. Nxe5 Nxe5 12. Bd4 Qc7 13. Be2 Nc6 14. Bxg7 Kxg7
15. a3 Qe5 16. Qe1 Qf6 17. Rd1 Bd7 18. Bb5 Rad8 19. f4 Nb8 20. Be2 Rc8 21. Qf2
Be8 22. Qe3 Nc6 23. Bg4 Bf7 24. Qd3 Nb8 25. Qb5 Rc7 26. Ne2 Rfc8 27. b4 b6 28.
cxb6 axb6 29. c3 Nd7 30. Nd4 Nf8 31. Ne2 Nd7 32. Rfe1 Ra7 33. a4 Qh4 34. Bh3 Nf6
35. Qxb6 Rxa4 36. Qd4 Rc4 37. Qd3 Ra2 38. Rf1 Ne4 39. Qe3 Qf6 40. Rc1 Ra3 41.
Rf3 Rxb4 42. g4 h6 43. Bg2 Rb2 44. h3 Raa2 45. Bf1 Nd2 46. Rf2 Ne4 47. Rf3 Nd2
48. Rf2 Nxf1 49. Rcxf1 Qh4 50. Kg2 Kg8 51. Nd4 Rxf2+ 52. Rxf2 Rxf2+ 53. Qxf2
Qxf2+ 54. Kxf2 Kg7 55. h4 g5 56. Kg3 Kf6 57. Nf3 gxh4+ 58. Kxh4 Bg6 59. Ne5 Be8
60. Kg3 Bb5 61. Kf3 Ba4 62. Kf2 Bd1 63. Kg3 Bc2 64. Nd7+ Kf7 65. Kh4 Bd1 66. Kg3
Ba4 67. Ne5+ Kf6 68. Kh3 Bb5 69. Kh4 Be8 70. Nf3 Bf7 71. Kg3 Be8 72. Kf2 Ba4 73.
Ke3 Bd1 74. Ne5 Bc2 75. Nd7+ Kf7 76. g5 h5 77. Ne5+ Kg7 78. Kf3 Bd1+ 79. Kg3 Be2
80. Kg2 Bd1 81. Kf2 Bc2 82. Nc6 Kf8 83. Kg3 Bd1 84. Kh4 Be2 85. Nd4 Bg4 86. g6
Kg8 87. Nc6 Kg7 88. Kg5 Bf5 89. Nxe7 h4 90. Kxh4 Bxg6 91. Kg5 Be4 92. Nc6 Kf7
93. Kg4 Kf6 94. Kg3 Kf5 95. Nd4+ Kf6 96. Nc6 Kf5 97. Ne5 Bb1 98. Kf3 Be4+ 99.
Ke3 Bb1 100. Nf3 Be4 101. Nd4+ Kf6 102. Nc6 Bb1 103. Ne5 Kf5 104. Nf3 Kf6 105.
Ne5 Kf5 106. Nc6 Kf6 107. Kf3 Be4+ 108. Kf2 Bc2 109. Ke3 Bb1 110. Nb8 Kf5 111.
Nd7 Bc2 112. Nb6 Bb1 113. Nd7 Bc2 114. Nc5 e5 115. fxe5 Kxe5 116. Na6 Bb1 117.
Nb4 Bg6 118. Na2 Bb1 119. Nc1 Bg6 120. Ne2 Bf5 121. Nd4 Be4 122. Nb3 Bg6 123.
Nd2 Bh5 124. Nb3 Bg6 125. Nc5 Bf5 126. Nb3 Bg6 127. Nc5 Bf5 128. Nb3 1/2-1/2

[Event "Mondiale Semilampo FIDE 2024"]
[Site "New York"]
[Date "26.12.2024"]
[Round "5.60"]
[White "Chanda, Sandipan"]
[Black "Zarnicki, Pablo"]
[Result "0-1"]
[WhiteTitle "GM"]
[BlackTitle "GM"]
[WhiteElo "2480"]
[BlackElo "2514"]
[WhiteFideId "5004225"]
[BlackFideId "100137"]
[EventDate "26.12.2024"]

1. d4 Nf6 2. c4 e6 3. Nc3 Bb4 4. e3 c5 5. Ne2 cxd4 6. exd4 d5 7. a3 Be7 8. c5 b6
9. b4 a5 10. Bf4 O-O 11. Bxb8 Rxb8 12. g3 bxc5 13. bxc5 e5 14. dxe5 Bxc5 15.
exf6 Qxf6 16. f4 Re8 17. Nxd5 Qb2 18. Rc1 Qxa3 19. Qc2 Bd4 20. Nc7 Bf5 21. Qc4
Re4 22. Nb5 Rxb5 23. Bg2 Bf2+ 24. Kxf2 Qe3+ 0-1

[Event "Mondiale Semilampo FIDE 2024"]
[Site "New York"]
[Date "26.12.2024"]
[Round "5.61"]
[White "Druska, Juraj"]
[Black "Hovhannisyan, Robert"]
[Result "1/2-1/2"]
[WhiteTitle "IM"]
[BlackTitle "GM"]
[WhiteElo "2423"]
[BlackElo "2626"]
[WhiteFideId "14915650"]
[BlackFideId "13302507"]
[EventDate "26.12.2024"]

1. e4 e5 2. Nf3 Nc6 3. Nc3 Nf6 4. d4 exd4 5. Nxd4 Bb4 6. Nxc6 bxc6 7. Bd3 d5 8.
exd5 O-O 9. O-O cxd5 10. Bg5 c6 11. Qf3 Bd6 12. Rae1 h6 13. Bxf6 Qxf6 14. Qxf6
gxf6 15. Nd1 c5 16. Ne3 Be6 17. Nf5 Rfd8 18. Nxh6+ Kf8 19. b3 Bf4 20. Nf5 c4 21.
bxc4 dxc4 22. Be4 Rab8 23. g3 Bd2 24. Rb1 c3 25. Rb3 a5 26. Ra3 Rb4 27. f3 a4
28. Kf2 Rd7 29. Ne3 Ra7 30. g4 Ra5 31. Rd1 Rb2 32. Ra1 Rb4 33. Rd1 Ke7 34. h4
Rb2 35. Ra1 Rb4 36. Rd1 1/2-1/2

[Event "Mondiale Semilampo FIDE 2024"]
[Site "New York"]
[Date "26.12.2024"]
[Round "5.62"]
[White "Karthik, Venkataraman"]
[Black "Paravyan, David"]
[Result "0-1"]
[WhiteTitle "GM"]
[BlackTitle "GM"]
[WhiteElo "2603"]
[BlackElo "2620"]
[WhiteFideId "25006479"]
[BlackFideId "4194985"]
[EventDate "26.12.2024"]

1. Nf3 d5 2. g3 g6 3. Bg2 Bg7 4. d4 Nf6 5. O-O c6 6. a4 a5 7. c4 O-O 8. Nc3 dxc4
9. e4 Na6 10. Qe2 e5 11. dxe5 Ng4 12. Bf4 Qe7 13. Qxc4 Nxe5 14. Nxe5 Bxe5 15.
Bxe5 Qxe5 16. f4 Be6 17. Qe2 Qc5+ 18. Qf2 Rfd8 19. Rad1 Bb3 20. Rc1 Qxf2+ 21.
Rxf2 Nc5 22. Ra1 Rd4 23. e5 Rad8 24. f5 Nd3 25. Re2 gxf5 26. Rf1 Be6 27. Bh3 Nc5
28. Ref2 Bc4 29. Ra1 Rd2 30. Bxf5 Rxf2 31. Kxf2 Rd2+ 32. Ke3 Rxb2 33. Rd1 b5 34.
Rd8+ Kg7 35. Rc8 Rb3 36. Rxc6 Nxa4 37. Kd4 Nxc3 38. Rc7 Ne2+ 39. Kc5 Be6 0-1

[Event "Mondiale Semilampo FIDE 2024"]
[Site "New York"]
[Date "26.12.2024"]
[Round "5.63"]
[White "Dardha, Daniel"]
[Black "Rasulov, Vugar"]
[Result "1-0"]
[WhiteTitle "GM"]
[BlackTitle "GM"]
[WhiteElo "2639"]
[BlackElo "2504"]
[WhiteFideId "240990"]
[BlackFideId "13402390"]
[EventDate "26.12.2024"]

1. e4 e5 2. Nf3 Nc6 3. Bc4 Nf6 4. d3 Be7 5. Nc3 O-O 6. a4 d6 7. O-O Be6 8. Re1
Re8 9. Bxe6 fxe6 10. Ne2 Rf8 11. Ng3 Qe8 12. a5 a6 13. c3 Nd7 14. Be3 Qf7 15. b4
d5 16. Qb3 h6 17. b5 Nd8 18. d4 axb5 19. Nxe5 Nxe5 20. dxe5 c6 21. f4 Bh4 22.
Bc5 Re8 23. Rf1 Bxg3 24. hxg3 Qh5 25. Qd1 Qxd1 26. Rfxd1 Nf7 27. Bb6 h5 28. Kf2
Nh6 29. Rh1 g6 30. Kf3 Re7 31. Rad1 Rd7 32. Ke2 Kf7 33. Rh4 Re7 34. Rdh1 Kg7 35.
Kf3 Rd7 36. Ra1 dxe4+ 37. Kxe4 Rd5 38. Ra2 Nf5 39. Rh3 c5 40. g4 hxg4 41. Rd3
Rxd3 42. Kxd3 c4+ 43. Kd2 Rh8 44. Rb2 Rh2 45. Ke1 g3 46. Kf1 Rh1+ 47. Ke2 Rc1
48. Rxb5 Rc2+ 49. Kf3 Rxc3+ 50. Kg4 Rb3 51. Rc5 Nh6+ 52. Kh3 c3 53. Rc7+ Nf7 54.
Kxg3 c2+ 55. Kf2 Rb2 56. Ke3 Kh6 57. Kd2 Nd8 58. g4 g5 59. f5 exf5 60. gxf5 Nc6
61. Rxc6+ bxc6 62. e6 Rb5 63. f6 Kg6 64. f7 Kg7 65. Kxc2 g4 66. Bd4+ Kf8 67. Be3
Ke7 68. Bh6 Rb8 69. f8=Q+ Rxf8 70. Bxf8+ 1-0

[Event "Mondiale Semilampo FIDE 2024"]
[Site "New York"]
[Date "26.12.2024"]
[Round "5.64"]
[White "Moradiabadi, Elshan"]
[Black "Lodici, Lorenzo"]
[Result "0-1"]
[WhiteTitle "GM"]
[BlackTitle "GM"]
[WhiteElo "2512"]
[BlackElo "2564"]
[WhiteFideId "12501255"]
[BlackFideId "884189"]
[EventDate "26.12.2024"]

1. e4 e5 2. Nf3 Nc6 3. Bb5 a6 4. Ba4 Nf6 5. O-O Be7 6. Re1 b5 7. Bb3 d6 8. a4
Bd7 9. d3 O-O 10. Bd2 Bg4 11. c3 Na5 12. Bc2 c5 13. h3 Bh5 14. Qe2 Re8 15. Na3
Rb8 16. axb5 axb5 17. Qe3 Nc6 18. g4 Bg6 19. Qe2 d5 20. Nh4 dxe4 21. Nxg6 hxg6
22. dxe4 c4 23. Be3 Qc7 24. Nb1 Nh7 25. Nd2 Ng5 26. h4 Ne6 27. g5 Ncd4 28. Qd1
Red8 29. Bb1 Nb3 30. Ra7 Rxd2 31. Qxb3 Qxa7 32. Bxa7 cxb3 33. Bxb8 Bc5 34. Rf1
f6 35. Kg2 Rd8 0-1

[Event "Mondiale Semilampo FIDE 2024"]
[Site "New York"]
[Date "26.12.2024"]
[Round "5.65"]
[White "Aravindh, Chithambaram VR."]
[Black "Samadov, Read"]
[Result "1/2-1/2"]
[WhiteTitle "GM"]
[BlackTitle "IM"]
[WhiteElo "2718"]
[BlackElo "2501"]
[WhiteFideId "5072786"]
[BlackFideId "13417444"]
[EventDate "26.12.2024"]

1. d4 d5 2. Nf3 Nf6 3. c4 c6 4. e3 Bf5 5. Nc3 e6 6. Nh4 Be4 7. f3 Bg6 8. Qb3 Qc7
9. Bd2 Be7 10. Nxg6 hxg6 11. O-O-O dxc4 12. Bxc4 b5 13. Be2 a6 14. e4 c5 15. e5
cxd4 16. exf6 Bxf6 17. Kb1 dxc3 18. Rc1 Nd7 19. Bxc3 Bxc3 20. Rxc3 Qf4 21. Rd1
Nf6 22. Qa3 b4 23. Qa4+ Kf8 24. Rc4 Qxh2 25. Qxb4+ Kg8 26. Bf1 Nd5 27. Qe1 Rb8
28. a3 Qd6 29. Rdc1 Rh1 30. Rc6 Qf4 31. Qe4 Qd2 32. Qe5 Ra8 33. Ka2 Kh7 34. R6c2
Qe3 35. Qd6 a5 36. Ka1 a4 37. Qc6 Ra7 38. Qe8 Rc7 39. Rxc7 Nxc7 40. Qc6 Nd5 41.
Rb1 Qb3 42. Bb5 Rh4 43. Qc5 Rh5 44. Bc4 Qc2 45. Qd4 Qxg2 46. Ba2 Qc2 47. Re1 Ne7
48. Bb1 Qc6 49. Qf4 Nf5 50. Rc1 Qb5 51. Qc7 Nd4 52. Rd1 Qd5 53. Qxf7 Nb3+ 54.
Ka2 Nc1+ 55. Ka1 Nb3+ 56. Ka2 Nc1+ 57. Ka1 Nb3+ 58. Ka2 Nc1+ 59. Ka1 Nb3+ 60.
Ka2 Nd2+ 61. Ka1 Rh6 62. Bc2 Nb3+ 63. Kb1 Nd2+ 64. Ka1 Nb3+ 65. Kb1 Nd2+ 66. Ka1
Nb3+ 67. Kb1 Nd2+ 68. Ka1 Nb3+ 69. Kb1 Nd2+ 1/2-1/2

[Event "Mondiale Semilampo FIDE 2024"]
[Site "New York"]
[Date "26.12.2024"]
[Round "5.66"]
[White "Dlugy, Maxim"]
[Black "Zhalmakhanov, Ramazan"]
[Result "0-1"]
[WhiteTitle "GM"]
[BlackTitle "GM"]
[WhiteElo "2514"]
[BlackElo "2486"]
[WhiteFideId "2000075"]
[BlackFideId "13706357"]
[EventDate "26.12.2024"]

1. d4 Nf6 2. Bf4 d5 3. e3 c5 4. dxc5 Qa5+ 5. Nc3 Ne4 6. Ne2 e6 7. a3 Nxc3 8.
Nxc3 Qxc5 9. Bxb8 Rxb8 10. Bb5+ Ke7 11. Qg4 f5 12. Qf4 Qd6 13. Qd4 a6 14. Be2
Kf7 15. g4 fxg4 16. Bxg4 Be7 17. Bh5+ Kf8 18. O-O-O Bd7 19. Rhg1 Bf6 20. Ne4
Bxd4 21. Nxd6 Bf6 22. e4 g6 23. Bg4 Be5 24. Nc4 Bxh2 25. Rh1 Bf4+ 26. Kb1 Bb5
27. Nb6 Bc7 28. a4 Be8 29. a5 Rd8 30. Bxe6 dxe4 31. Rxd8 Bxd8 32. Bd5 Bc6 33.
Bxc6 bxc6 34. Nd7+ Kg7 35. Nc5 Bxa5 36. Nxe4 Bb6 37. f3 Be3 38. c3 h5 39. Kc2 h4
40. Kd3 Bf4 41. Ra1 h3 42. Rxa6 h2 43. Ra7+ Kh6 44. Nf2 Kg5 45. Ra1 Kh4 46. Ke2
Kg3 47. b4 Kg2 48. Nh1 Rd8 0-1

[Event "Mondiale Semilampo FIDE 2024"]
[Site "New York"]
[Date "26.12.2024"]
[Round "5.67"]
[White "Liang, Awonder"]
[Black "Saraci, Nderim"]
[Result "1-0"]
[WhiteTitle "GM"]
[BlackTitle "IM"]
[WhiteElo "2687"]
[BlackElo "2431"]
[WhiteFideId "2056437"]
[BlackFideId "6351921"]
[EventDate "26.12.2024"]

1. Nf3 d5 2. g3 Bg4 3. Bg2 Nd7 4. h3 Bh5 5. O-O c6 6. d3 Ngf6 7. Nc3 e5 8. e4
dxe4 9. dxe4 Bxf3 10. Qxf3 Bc5 11. Nd1 O-O 12. Ne3 g6 13. Qe2 Re8 14. a4 Qc7 15.
a5 b5 16. c3 a6 17. Kh2 Bf8 18. b4 c5 19. Bd2 Rac8 20. Rac1 Qb8 21. Rcd1 Bd6 22.
h4 cxb4 23. cxb4 Nf8 24. Qf3 Be7 25. Nd5 Nxd5 26. exd5 Rc4 27. Rfe1 Bd6 28. Qe3
e4 29. Rc1 Bxb4 30. Bxb4 Rxb4 31. Rc6 Qe5 32. Rd1 Rd8 33. d6 Nd7 34. Bh3 Nb8 35.
Rc7 Rc4 36. Qb6 Qf6 37. d7 Qxb6 38. axb6 f5 39. Bf1 Rc6 40. Rxc6 Nxc6 41. Rc1 1-0

[Event "Mondiale Semilampo FIDE 2024"]
[Site "New York"]
[Date "26.12.2024"]
[Round "5.68"]
[White "Harsha, Bharathakoti"]
[Black "Rosen, Eric"]
[Result "1-0"]
[WhiteTitle "GM"]
[BlackTitle "IM"]
[WhiteElo "2531"]
[BlackElo "2377"]
[WhiteFideId "5078776"]
[BlackFideId "2032562"]
[EventDate "26.12.2024"]

1. d4 d5 2. c4 e6 3. Nc3 Nf6 4. cxd5 exd5 5. Bg5 c6 6. e3 Bd6 7. Bd3 h6 8. Bh4
O-O 9. Nf3 Be6 10. O-O Nbd7 11. Qc2 Re8 12. Rfe1 a5 13. Rac1 Rc8 14. Qb3 b5 15.
Qd1 a4 16. Bg3 Bxg3 17. hxg3 Ng4 18. Ne2 g5 19. b3 axb3 20. axb3 Qf6 21. Qd2 Nf8
22. Nc3 Qg7 23. Na2 f5 24. Nb4 Bd7 25. Ra1 Ra8 26. Qc3 Qf6 27. Rxa8 Rxa8 28. Rc1
Rc8 29. Be2 Ng6 30. Nd3 Re8 31. Nc5 Bc8 32. Nd3 Bd7 33. Qd2 h5 34. Ra1 Rf8 35.
Ra7 Be8 36. Qc1 f4 37. exf4 gxf4 38. Nxf4 Nxf4 39. Qxf4 Qxf4 40. gxf4 Rxf4 41.
Rc7 Rf7 42. Rxf7 Bxf7 43. b4 Kg7 44. Nd2 Nf6 45. f3 Nd7 46. Nb3 Nb6 47. Kf2 Kf6
48. g3 Be8 49. Ke3 Nc8 50. Bd3 Nd6 51. Kf4 Nf7 52. Nc5 Ng5 53. Ke3 Ke7 54. Bf5
Kf6 55. Bc8 Nf7 56. Kf4 Nd6 57. Bd7 Bxd7 58. Nxd7+ Ke6 59. Ne5 Nf5 60. Nxc6 h4
61. gxh4 Nxh4 62. Na7 Ng2+ 63. Kg5 Ne1 64. Kg4 Nc2 65. Nxb5 Nxb4 66. Kg5 Nc2 67.
f4 Ne3 68. Kg6 Kd7 69. f5 Ng2 70. f6 Nf4+ 71. Kf5 Nh5 72. Nc3 Kd6 73. Ne2 Kd7
74. Kg5 Ke6 75. Kxh5 Kxf6 76. Kg4 1-0

[Event "Mondiale Semilampo FIDE 2024"]
[Site "New York"]
[Date "26.12.2024"]
[Round "5.69"]
[White "Kadric, Denis"]
[Black "Suleymenov, Alisher"]
[Result "1/2-1/2"]
[WhiteTitle "GM"]
[BlackTitle "GM"]
[WhiteElo "2544"]
[BlackElo "2500"]
[WhiteFideId "14403803"]
[BlackFideId "13707833"]
[EventDate "26.12.2024"]

1. e4 c5 2. Nc3 Nc6 3. Nf3 e5 4. Bc4 Be7 5. d3 d6 6. Nd2 Nf6 7. Nf1 Bg4 8. f3
Be6 9. Ne3 O-O 10. a4 Nb4 11. O-O d5 12. exd5 Nfxd5 13. Nexd5 Nxd5 14. Qe1 Qd6
15. Nxd5 Bxd5 16. Bxd5 Qxd5 17. Qe4 Rad8 18. b3 Qxe4 19. fxe4 b6 20. Be3 h6 21.
a5 Bg5 22. Bf2 f5 23. exf5 Rxf5 24. axb6 axb6 25. Rfe1 Rdf8 26. Re2 Rxf2 27.
Rxf2 Be3 28. Rf1 e4 29. dxe4 Rf4 30. g3 Rxe4 31. Kg2 Bxf2 32. Rxf2 Re3 33. Rf3
Re2+ 34. Rf2 Re3 1/2-1/2

[Event "Mondiale Semilampo FIDE 2024"]
[Site "New York"]
[Date "26.12.2024"]
[Round "5.70"]
[White "Zemlyanskii, Ivan"]
[Black "George, Kevin"]
[Result "1-0"]
[WhiteTitle "GM"]
[BlackTitle "IM"]
[WhiteElo "2543"]
[BlackElo "2270"]
[WhiteFideId "24249971"]
[BlackFideId "10669515"]
[EventDate "26.12.2024"]

1. e4 e5 2. Nf3 Nc6 3. Bc4 Nf6 4. d3 d5 5. exd5 Nxd5 6. O-O Be7 7. Re1 f6 8. c3
Be6 9. a4 Qd7 10. a5 a6 11. Qb3 O-O 12. d4 b5 13. axb6 cxb6 14. Qd1 b5 15. Bb3
exd4 16. Nxd4 Nxd4 17. Qxd4 Rfd8 18. Nd2 Bf7 19. Nf1 Qa7 20. Qg4 Bc5 21. Qf3 Nb6
22. Bxf7+ Qxf7 23. Be3 Bxe3 24. Nxe3 Na4 25. Nf5 Ra7 26. Re2 Nc5 27. Qe3 Rc7 28.
g3 Qd7 29. Qf3 Nd3 30. Re7 Ne5 31. Qe4 Qc8 32. Rxc7 Qxc7 33. Rxa6 Qc4 34. Qxc4+
bxc4 35. Nd6 h5 36. f4 Ng4 37. Nxc4 Rd1+ 38. Kg2 Rc1 39. Rd6 h4 40. h3 Rc2+ 41.
Rd2 Ne3+ 42. Kf3 Rxd2 43. Nxd2 Nd1 44. Nc4 hxg3 45. Kxg3 Kf7 46. Kf3 Ke6 47. Ke2 1-0

[Event "Mondiale Semilampo FIDE 2024"]
[Site "New York"]
[Date "26.12.2024"]
[Round "5.71"]
[White "Kvaloy, Aksel Bu"]
[Black "Amar, Elham"]
[Result "0-1"]
[WhiteTitle "IM"]
[BlackTitle "GM"]
[WhiteElo "2490"]
[BlackElo "2534"]
[WhiteFideId "1528815"]
[BlackFideId "1533533"]
[EventDate "26.12.2024"]

1. e4 c6 2. d4 d5 3. exd5 cxd5 4. Bd3 Nc6 5. c3 Qc7 6. h3 e6 7. Nf3 Bd6 8. O-O
Nge7 9. Re1 O-O 10. b3 Ng6 11. c4 Bb4 12. Bd2 Bxd2 13. Qxd2 dxc4 14. bxc4 Na5
15. Na3 b6 16. Nb5 Qd8 17. Be4 Rb8 18. Bxg6 hxg6 19. Qf4 Rb7 20. Ng5 f6 21. Nxe6
Bxe6 22. Rxe6 Nxc4 23. Rae1 Qd5 24. Nc3 Qf5 25. Qg3 Rd7 26. d5 Ne5 27. f4 Nd3
28. Rf1 Nb4 29. Qg4 Qxg4 30. hxg4 Nxd5 31. Nxd5 Rxd5 32. Re7 Rc8 33. Rxa7 Ra5
34. Rxa5 bxa5 35. Kh2 Rc2 36. Rb1 Rxa2 37. Rb8+ Kh7 38. g5 Ra4 39. Kg3 Rb4 40.
Ra8 a4 41. Kf3 Rb3+ 42. Kg4 Ra3 43. Kh4 f5 44. g3 Ra2 45. Kh3 a3 46. g4 Ra1 47.
gxf5 gxf5 48. Ra6 a2 49. Kg2 g6 50. Ra7+ Kg8 51. Kh2 Kf8 52. Kg2 Ke8 53. Kh2 Kd8
54. Kg2 Kc8 55. Kh2 Kb8 56. Ra6 Kb7 57. Ra3 Kc6 58. Kg2 Kb5 59. Ra8 Kc4 60. Ra7
Kd4 61. Ra3 Ke4 62. Ra4+ Ke3 63. Kh2 Kf3 0-1

[Event "Mondiale Semilampo FIDE 2024"]
[Site "New York"]
[Date "26.12.2024"]
[Round "5.72"]
[White "Gaehwiler, Gabriel"]
[Black "Van Foreest, Jorden"]
[Result "0-1"]
[WhiteTitle "IM"]
[BlackTitle "GM"]
[WhiteElo "2392"]
[BlackElo "2677"]
[WhiteFideId "1314530"]
[BlackFideId "1039784"]
[EventDate "26.12.2024"]

1. e4 c6 2. d4 d5 3. exd5 cxd5 4. Bd3 Nc6 5. c3 Nf6 6. Bf4 g6 7. Qc2 Nh5 8. Be3
Ng7 9. Nf3 Bf5 10. O-O e6 11. Nbd2 Bd6 12. Bg5 f6 13. Bh4 O-O 14. Rfe1 Qc7 15.
Bg3 Bxg3 16. hxg3 Nb4 17. cxb4 Qxc2 18. Bxc2 Bxc2 19. Nf1 Rac8 20. Ne3 Rc7 21.
g4 g5 22. Nd2 Rfc8 23. g3 Kf7 24. f4 gxf4 25. gxf4 h5 26. g5 Nf5 27. Nxf5 Bxf5
28. gxf6 Rc2 29. Nf3 Kxf6 30. Ng5 h4 0-1

[Event "Mondiale Semilampo FIDE 2024"]
[Site "New York"]
[Date "26.12.2024"]
[Round "5.73"]
[White "Blohberger, Felix"]
[Black "Barbosa, Oliver"]
[Result "0-1"]
[WhiteTitle "GM"]
[BlackTitle "GM"]
[WhiteElo "2534"]
[BlackElo "2451"]
[WhiteFideId "1632051"]
[BlackFideId "5201640"]
[EventDate "26.12.2024"]

1. Nf3 d5 2. g3 Nf6 3. Bg2 c6 4. O-O Bf5 5. c4 e6 6. Qb3 Qb6 7. d3 Nbd7 8. Be3
Bc5 9. Bxc5 Nxc5 10. Qc2 h6 11. Nbd2 O-O 12. a3 a5 13. b3 Rfe8 14. Qc3 Ncd7 15.
b4 e5 16. bxa5 Qxa5 17. Qxa5 Rxa5 18. cxd5 cxd5 19. Rfb1 b6 20. Rb4 Rea8 21. Nb1
Rc8 22. Nbd2 Rc2 23. Nb3 Ra7 24. Nfd4 exd4 25. Nxd4 Bxd3 26. exd3 Rd2 27. Bf1
Ng4 28. Be2 Nge5 29. Rb5 Nc5 30. Rxb6 Ncxd3 31. Rb8+ Kh7 32. f4 Nc4 33. a4 Nxf4
34. gxf4 Rxd4 35. Rb5 Nd6 36. Rb6 Ne4 37. a5 Nc3 38. Bf1 Ra4 39. Bd3+ g6 40.
Rxa4 Nxa4 41. Rb5 Nc3 42. Rc5 Na2 43. a6 d4 44. Bc4 Nb4 45. Ra5 d3 46. Kf2 Re7
47. Re5 Rc7 48. Ra5 Rxc4 49. a7 d2 50. Ke2 Rd4 51. Kd1 Nc2 52. Ra3 Nxa3 53. a8=Q
Nc4 0-1

[Event "Mondiale Semilampo FIDE 2024"]
[Site "New York"]
[Date "26.12.2024"]
[Round "5.74"]
[White "Kevlishvili, Robby"]
[Black "Urazayev, Arystanbek"]
[Result "1-0"]
[WhiteTitle "GM"]
[BlackTitle "IM"]
[WhiteElo "2556"]
[BlackElo "2470"]
[WhiteFideId "1040634"]
[BlackFideId "13709810"]
[EventDate "26.12.2024"]

1. e4 e6 2. d4 d5 3. Nd2 Be7 4. Ngf3 Nf6 5. e5 Nfd7 6. Bd3 c5 7. c3 Nc6 8. O-O
a5 9. a4 O-O 10. Nb1 f6 11. exf6 Nxf6 12. Na3 cxd4 13. cxd4 Ne4 14. Nb5 Bf6 15.
Be3 e5 16. Qb3 Kh8 17. dxe5 Nxe5 18. Nxe5 Bxe5 19. Rad1 Nf6 20. h3 Be6 21. Rfe1
Ng4 22. hxg4 Qh4 23. Bf5 Bg8 24. Nd4 Qh2+ 25. Kf1 g6 26. Nf3 Qh1+ 27. Ke2 Qxg2
28. Rg1 Qh3 29. Rh1 d4 30. Qb5 d3+ 31. Kd2 1-0

[Event "Mondiale Semilampo FIDE 2024"]
[Site "New York"]
[Date "26.12.2024"]
[Round "5.75"]
[White "Papasimakopoulos, Alexandros"]
[Black "Andersen, Mads"]
[Result "1-0"]
[WhiteTitle "FM"]
[BlackTitle "GM"]
[WhiteElo "2379"]
[BlackElo "2592"]
[WhiteFideId "4244125"]
[BlackFideId "1413864"]
[EventDate "26.12.2024"]

1. d4 d5 2. c4 e6 3. Nc3 Nf6 4. cxd5 exd5 5. Bg5 Be7 6. e3 h6 7. Bh4 O-O 8. Nf3
c6 9. Qc2 Re8 10. Bd3 Ne4 11. Bxe7 Qxe7 12. Bxe4 dxe4 13. Nd2 f5 14. O-O Be6 15.
Ne2 Nd7 16. Nc4 c5 17. b3 Rac8 18. a4 cxd4 19. Nxd4 Ne5 20. Nxe6 Qxe6 21. Rfc1
Nxc4 22. bxc4 Rc5 23. Qb3 b6 24. Rc3 Rd8 25. h3 Rd2 26. Rac1 Kh7 27. R3c2 Rd6
28. Rc3 Qd7 29. Kf1 Ra5 30. Kg1 Rc5 31. Kf1 Kg6 32. Kg1 Rd2 33. R3c2 Rd1+ 34.
Rxd1 Qxd1+ 35. Kh2 h5 36. h4 Rc6 37. Qb5 Rd6 38. c5 bxc5 39. Qxc5 Rd5 40. Qc6+
Kh7 41. Rb2 Rd6 42. Qc5 Rd5 43. Qxa7 Qa1 44. Qb7 Rd1 45. Qb5 Kh6 46. Qe5 Rh1+ 1-0

[Event "Mondiale Semilampo FIDE 2024"]
[Site "New York"]
[Date "26.12.2024"]
[Round "5.76"]
[White "Erenburg, Sergey"]
[Black "Sardana, Rishi"]
[Result "0-1"]
[WhiteTitle "GM"]
[BlackTitle "IM"]
[WhiteElo "2510"]
[BlackElo "2466"]
[WhiteFideId "2805642"]
[BlackFideId "25004301"]
[EventDate "26.12.2024"]

1. e4 c5 2. Nf3 Nc6 3. Bb5 Nf6 4. Bxc6 dxc6 5. d3 Qc7 6. Nbd2 Bg4 7. h3 Bh5 8.
Nf1 c4 9. Ng3 Bxf3 10. Qxf3 cxd3 11. Qxd3 e6 12. O-O Bc5 13. Kh1 h5 14. f4 Ng4
15. Qf3 O-O-O 16. Nxh5 f5 17. exf5 exf5 18. Ng3 g6 19. Ne4 Bb6 20. Ng5 Qe7 21.
a4 a6 22. Ra3 Nf2+ 23. Kh2 Ng4+ 24. Kh1 Rde8 25. Rb3 Ba7 26. Bd2 Qe2 27. Bc3 Rh5
28. Qd3 Nf2+ 29. Rxf2 Qxf2 30. Qd1 Re2 0-1